| 000 | 00000nam##2200000za#4500 |
| 001 | 9.581502 |
| 003 | CaOODSP |
| 005 | 20210624191539 |
| 007 | cr ||||||||||| |
| 008 | 150406|2015||||xxc|||||o f|0| 0 eng|d |
| 020 | |a978-1-100-25764-8 |
| 022 | |a1488-5417 |
| 040 | |aCaOODSP|beng |
| 043 | |an-cn--- |
| 086 | 1 |aFs97-18/306E-PDF |
| 110 | 1 |aCanada. |bDepartment of Fisheries and Oceans. |
| 245 | 10|aOil spill trajectory on the northern British Columbia coast : |h[electronic resource]|bresults from a series of numerical simulations / |cby Isaac Fine and Diane Masson. |
| 260 | |aNorth Saanich - British Columbia : |bFisheries and Oceans Canada |c2015. |
| 300 | |a36p.|bfigs., graphs, maps, references, tables |
| 490 | 1 |aCanadian technical report of hydrography and ocean sciences|x1488-5417|v306 |
| 546 | |a(Résumé en français) |
| 590 | |a15-11|b2015-03-13 |
| 690 | 07|aOil spills|2gcpds |
| 830 | #0|aCanadian technical report of hydrography and ocean sciences,|x1488-5417|v306|w(CaOODSP)9.504781 |
| 856 | 40|ahttp://publications.gc.ca|qPDF|s1.29 MB|uhttps://publications.gc.ca/collections/collection_2015/mpo-dfo/Fs97-18-306-eng.pdf|y306 |